INTERNATIONAL Training Workshop on Tropical Forestry and Timber Trade Statistics, 27 November - 15 December 1995 : Final report

Bibliographic Details
Corporate Authors: International Tropical Timber Organization (ITTO), Malaysian Timber Industry Board (MTIB)
Format: Book
Published: Kuala Lumpur : Malaysian Timber Industry Board , 1995
Subjects:

MARC

LEADER 00000cam a2200000 7i4500
001 0000000548
005 20010717.0
090 0 0 |a 338.1749   |b INT 1995 
245 0 0 |a INTERNATIONAL Training Workshop on Tropical Forestry and Timber Trade Statistics, 27 November - 15 December 1995 :   |b Final report 
260 0 0 |a Kuala Lumpur :   |b Malaysian Timber Industry Board ,   |c 1995 
300 |a 172 p. ;   |c 30 cm. 
650 0 0 |a Forest products   |x Statistics 
650 0 0 |a Forests and forestry   |x Statistics 
650 0 0 |a Timber   |x Statistics 
710 1 1 |a International Tropical Timber Organization (ITTO) 
710 1 1 |a Malaysian Timber Industry Board (MTIB) 
998 |a JPSM 
999 |a 0000000595   |b Monograph   |c Open Shelf   |e Default branch 
999 |a 0000000607   |b Monograph   |c Open Shelf   |e Default branch